
Library Catalogue

| 000 -LEADER | |
|---|---|
| fixed length control field | 00959cam a2200241 i 4500 |
| 005 - DATE AND TIME OF LATEST TRANSACTION | |
| control field | 20260611150500.0 |
| 008 - FIXED-LENGTH DATA ELEMENTS--GENERAL INFORMATION | |
| fixed length control field | 170728t20182018enka b 001 0 eng |
| 020 ## - INTERNATIONAL STANDARD BOOK NUMBER | |
| International Standard Book Number | 9781108402712 (pbk.) |
| 082 00 - DEWEY DECIMAL CLASSIFICATION NUMBER | |
| Classification number | 346.0666 SOM |
| 100 1# - MAIN ENTRY--PERSONAL NAME | |
| Personal name | Somanathan, T. V. |
| 245 10 - TITLE STATEMENT | |
| Title | Derivatives / |
| Statement of responsibility, etc. | T. V. Somanathan, V. Anantha Nageswaran and Harsh Gupta. |
| 250 ## - EDITION STATEMENT | |
| Edition statement | 2nd ed. |
| 260 ## - PUBLICATION, DISTRIBUTION, ETC. | |
| Place of publication, distribution, etc. | Cambridge : |
| Name of publisher, distributor, etc. | Cambridge University Press, |
| Date of publication, distribution, etc. | 2018. |
| 300 ## - PHYSICAL DESCRIPTION | |
| Extent | xix, 326 p. ; |
| Dimensions | 24 cm. |
| 365 ## - TRADE PRICE | |
| Price amount | RS. 495.00 |
| 505 ## - Contents | |
| Contents | Part 1. Introduction;<br/>Part 2. Forwards and futures;<br/>Part 3. Swaps;<br/>Part 4. Options;<br/>Part 5. Other derivatives and derivative-like instruments;<br/>Part 6. Accounting, taxation and regulatory framework;<br/>Part 7. Portfolio management and management of derivative risks. |
| 650 #0 - SUBJECT ADDED ENTRY--TOPICAL TERM | |
| Topical term or geographic name entry element | Derivative |
| 650 #0 - SUBJECT ADDED ENTRY--TOPICAL TERM | |
| Topical term or geographic name entry element | Security |
| 650 #0 - SUBJECT ADDED ENTRY--TOPICAL TERM | |
| Topical term or geographic name entry element | Taxation -- regulatory framework. |
| 700 1# - ADDED ENTRY--PERSONAL NAME | |
| Personal name | Nageswaran, V. Anantha |
| 700 1# - ADDED ENTRY--PERSONAL NAME | |
| Personal name | Gupta, Harsh |
| 942 ## - ADDED ENTRY ELEMENTS (KOHA) | |
| Source of classification or shelving scheme | Dewey Decimal Classification |
| Koha item type | BOOKs |
| Withdrawn status | Lost status | Source of classification or shelving scheme | Materials specified (bound volume or other part) | Damaged status | Not for loan | Home library | Current library | Shelving location | Date acquired | Source of acquisition | Cost, normal purchase price | Total Checkouts | Total Renewals | Full call number | Barcode | Date last seen | Date last checked out | Price effective from | Koha item type |
|---|---|---|---|---|---|---|---|---|---|---|---|---|---|---|---|---|---|---|---|
| Dewey Decimal Classification | HB | NLS | NLS | Library Compactors | 16/05/2019 | Purchased | 495.00 | 1 | 2 | 346.0666 SOM-1 | 37238 | 18/08/2023 | 29/07/2023 | 16/05/2019 | BOOKs | ||||
| Dewey Decimal Classification | HB | NLS | NLS | General Stacks | 16/05/2019 | Purchased | 495.00 | 346.0666 SOM-2 | 37239 | 16/05/2019 | 16/05/2019 | BOOKs |